[Event "South America-ch U20 Girls"]
[Site "Guayaquil"]
[Date "2021.11.05"]
[Round "6"]
[White "Buestan Brito, Anaela Elizabeth"]
[Black "Munoz Naichap, Valerine Nicole"]
[Result "1-0"]
[WhiteElo "1635"]
[BlackElo "1624"]
[PlyCount "97"]
[EventDate "2021.11.02"]
[EventType "swiss"]
[EventRounds "9"]
[EventCountry "ECU"]
[SourceTitle "CBM 205 Extra"]
[Source "ChessBase"]
[SourceDate "2022.01.31"]
[SourceVersion "1"]
[SourceVersionDate "2022.01.31"]
[SourceQuality "1"]

1. e4 c5 2. Nf3 d6 3. d4 cxd4 4. Nxd4 Nf6 5. Nc3 a6 6. Be3 e5 7. Nb3 Be6 8. Be2 Nbd7 9. 0-0 b5 10. a3 Rc8 11. Nd2 Be7 12. f4 exf4 13. Bxf4 Ne5 14. Kh1 0-0 15. Qe1 Ng6 16. Be3 d5 17. exd5 Nxd5 18. Nxd5 Bxd5 19. c3 Bh4 20. Qd1 Re8 21. Bd4 Qg5 22. Bf3 Bc6 23. Bxc6 Rxc6 24. Qf3 Rc7 25. Ne4 Qe7 26. Ng3 Ne5 27. Qe3 Bg5 28. Qe2 Nc4 29. Qg4 Ne5 30. Bxe5 Qxe5 31. Rf5 Qe7 32. Qxg5 Qxg5 33. Rxg5 Rce7 34. h4 Re1+ 35. Rxe1 Rxe1+ 36. Kh2 Rb1 37. Rc5 g6 38. Rc6 a5 39. b4 a4 40. Rc5 Rb3 41. Ne4 Rxa3 42. Rxb5 Ra1 43. c4 a3 44. Ra5 Rc1 45. Nd6 Rc3 46. b5 Kf8 47. b6 Rb3 48. c5 Ke7 49. b7 1-0

[Event "South America-ch U20 Girls"]
[Site "Guayaquil"]
[Date "2021.11.03"]
[Round "2"]
[White "Munoz Naichap, Valerine Nicole"]
[Black "Alvarez Dominguez, Hellen Melissa"]
[Result "1-0"]
[WhiteElo "1624"]
[BlackElo "1444"]
[PlyCount "107"]
[EventDate "2021.11.02"]
[EventType "swiss"]
[EventRounds "9"]
[EventCountry "ECU"]
[SourceTitle "CBM 205 Extra"]
[Source "ChessBase"]
[SourceDate "2022.01.31"]
[SourceVersion "1"]
[SourceVersionDate "2022.01.31"]
[SourceQuality "1"]

1. d4 Nf6 2. Bg5 Ne4 3. Bf4 c5 4. f3 Qa5+ 5. c3 Nf6 6. d5 d6 7. e4 Nbd7 8. Nd2 g6 9. Nb3 Qc7 10. Qd2 h6 11. Nh3 Bg7 12. Nf2 b6 13. Be2 Bb7 14. h4 h5 15. g4 hxg4 16. fxg4 0-0-0 17. 0-0-0 Rh7 18. h5 gxh5 19. g5 Ne8 20. Bxh5 f6 21. Bxe8 Rxh1 22. Bxd7+ Qxd7 23. Rxh1 fxg5 24. Bxg5 Qe8 25. Qf4 Be5 26. Qh4 Rd7 27. Ng4 Bg7 28. Rf1 Kc7 29. Qh7 e6 30. Bf6 Bf8 31. Qg8 exd5 32. e5 Qh5 33. Qxf8 Qxg4 34. exd6+ Kc6 35. Be7 Qc4 36. Qf4 Ba6 37. Qxc4 Bxc4 38. Rf8 Kb7 39. Kc2 Be2 40. Nd2 Bb5 41. Nf3 Ka6 42. Ne5 Rb7 43. b3 Bd7 44. Bg5 Bh3 45. Be7 Be6 46. Kd2 b5 47. Rf6 Bd7 48. Bf8 Kb6 49. Rf7 Be6 50. d7 Rb8 51. Rf6 Kc7 52. Rxe6 Rxf8 53. Rc6+ Kb7 54. Rxc5 1-0

[Event "South America-ch U20 Girls"]
[Site "Guayaquil"]
[Date "2021.11.03"]
[Round "3"]
[White "Munoz Naichap, Valerine Nicole"]
[Black "Martinez Zambrano, Karina Paola"]
[Result "1-0"]
[WhiteElo "1624"]
[BlackElo "1438"]
[PlyCount "103"]
[EventDate "2021.11.02"]
[EventType "swiss"]
[EventRounds "9"]
[EventCountry "ECU"]
[SourceTitle "CBM 205 Extra"]
[Source "ChessBase"]
[SourceDate "2022.01.31"]
[SourceVersion "1"]
[SourceVersionDate "2022.01.31"]
[SourceQuality "1"]

1. d4 c5 2. Nf3 cxd4 3. Nxd4 d5 4. g3 e6 5. Bg2 Nf6 6. 0-0 Be7 7. c4 0-0 8. cxd5 exd5 9. Nc3 Nc6 10. b3 Qb6 11. Nxc6 bxc6 12. Bb2 Bf5 13. Rc1 Rad8 14. Na4 Qb5 15. Qd4 Rfe8 16. e3 Bf8 17. Qxa7 Ne4 18. Qb6 Qe2 19. Qxc6 Nd2 20. Nc3 Qh5 21. Nxd5 Nxf1 22. Rxf1 Re6 23. Qc7 Red6 24. Nf4 Qh6 25. Bd4 g5 26. Qa5 Be6 27. Nxe6 fxe6 28. a4 Bg7 29. Bc5 Rd3 30. b4 Qh5 31. Qc7 Qe2 32. Bd4 R8xd4 33. exd4 Bxd4 34. Qd8+ Kf7 35. Qxg5 Rd1 36. Qf4+ Bf6 37. a5 e5 38. Qh6 e4 39. Qxh7+ Bg7 40. Qf5+ Bf6 41. Rxd1 Qxd1+ 42. Bf1 Qd4 43. Qh5+ Kg7 44. Qg4+ Kf7 45. b5 e3 46. Qxd4 Bxd4 47. fxe3 Bxe3+ 48. Kg2 Kf6 49. Kf3 Bg1 50. h4 Kg6 51. b6 Bc5 52. g4 1-0

[Event "Pan American-ch U18 Girls"]
[Site "Guayaquil"]
[Date "2019.07.24"]
[Round "6"]
[White "Munoz Naichap, Valerine Nicole"]
[Black "Iza Mendoza, Nefthys Sayde"]
[Result "0-1"]
[WhiteElo "1666"]
[BlackElo "1384"]
[PlyCount "88"]
[EventDate "2019.07.21"]
[EventType "swiss"]
[EventRounds "9"]
[EventCountry "ECU"]
[SourceTitle "EXT 2020"]
[Source "ChessBase"]
[SourceDate "2019.10.17"]
[SourceVersion "1"]
[SourceVersionDate "2019.10.17"]
[SourceQuality "1"]

1. d4 d5 2. c4 c6 3. Nc3 e6 4. Nf3 Nf6 5. e3 Bd6 6. Bd3 0-0 7. 0-0 b6 8. b3 Bb7 9. Bb2 Nbd7 10. Rc1 Rc8 11. Qe2 Qe7 12. e4 dxe4 13. Nxe4 Nxe4 14. Qxe4 Nf6 15. Qh4 Ba3 16. Bxa3 Qxa3 17. Bb1 c5 18. Rc3 Rfd8 19. d5 exd5 20. Ne5 h6 21. Rg3 Kf8 22. Bf5 Rc7 23. Ng4 Qb2 24. Rb1 Qd4 25. Rd3 Qf4 26. Rf3 Qg5 27. Qg3 Re7 28. h4 Qd2 29. Nxf6 gxf6 30. Bh7 Re1+ 31. Rxe1 Qxe1+ 32. Kh2 Qe5 33. cxd5 Rxd5 34. Rf4 Rd2 35. a3 Rb2 36. b4 Rb3 37. Qg8+ Ke7 38. g3 Rxa3 39. Bg6 Bd5 40. Qg7 Ra1 41. f3 Ra2+ 42. Kh3 Be6+ 43. Rg4 Qe2 44. Qxf7+ Bxf7 0-1

[Event "Pan American-ch U16 Girls"]
[Site "Santiago de Chile"]
[Date "2018.07.23"]
[Round "3"]
[White "Munoz Naichap, Valerine Nicole"]
[Black "Pinillo Canon, Silvana"]
[Result "1-0"]
[WhiteElo "1627"]
[BlackElo "1769"]
[PlyCount "117"]
[EventDate "2018.07.22"]
[EventType "swiss"]
[EventRounds "9"]
[EventCountry "CHI"]
[SourceTitle "EXT 2022"]
[Source "ChessBase"]
[SourceDate "2021.10.06"]
[SourceVersion "1"]
[SourceVersionDate "2021.10.06"]
[SourceQuality "1"]

1. d4 d5 2. c4 e6 3. Nc3 Nf6 4. cxd5 exd5 5. Bg5 Be7 6. e3 c6 7. Bd3 Nbd7 8. Nge2 0-0 9. 0-0 Re8 10. Rb1 a5 11. a3 b5 12. b4 Nb6 13. Ng3 Be6 14. Qc2 h6 15. Bf4 Qd7 16. Qe2 Rec8 17. Rfd1 axb4 18. axb4 Ra3 19. Qc2 Rca8 20. e4 dxe4 21. Ngxe4 Nxe4 22. Nxe4 Bxb4 23. Bxh6 Be7 24. Bg5 Ra2 25. Qc1 Nd5 26. Bxe7 Nxe7 27. Qg5 Ng6 28. Nc5 Qd5 29. Nxe6 Qxe6 30. d5 Qxd5 31. Qxd5 cxd5 32. Bxg6 fxg6 33. Rxd5 Rb8 34. g3 b4 35. Rb3 Ra3 36. Rxa3 bxa3 37. Ra5 Rb3 38. Ra7 Rb1+ 39. Kg2 Ra1 40. h4 Kh7 41. Kh3 Kh6 42. Kg4 a2 43. f3 Kh7 44. Kg5 Rg1 45. Rxa2 Rxg3+ 46. Kf4 Rg1 47. Rh2 Kh6 48. Rh3 Kh5 49. Rh2 Rb1 50. Re2 Rb4+ 51. Re4 Rb5 52. Re3 g5+ 53. hxg5 Rxg5 54. Re7 Kg6 55. Rxg7+ Kxg7 56. Kxg5 Kf7 57. Kf5 Ke7 58. Kg6 Ke6 59. f4 1-0

[Event "Pan American-ch U20 Girls"]
[Site "Guayaquil"]
[Date "2018.06.24"]
[Round "9"]
[White "Munoz Naichap, Valerine Nicole"]
[Black "Mostacero Velarde, Isabella Maribel"]
[Result "0-1"]
[WhiteElo "1591"]
[BlackElo "1827"]
[PlyCount "118"]
[EventDate "2018.06.19"]
[EventType "swiss"]
[EventRounds "9"]
[EventCountry "ECU"]
[SourceTitle "EXT 2019"]
[Source "ChessBase"]
[SourceDate "2018.10.10"]
[SourceVersion "1"]
[SourceVersionDate "2018.10.10"]
[SourceQuality "1"]

1. d4 g6 2. g3 Bg7 3. Bg2 d6 4. Nc3 Nc6 5. Nf3 e5 6. dxe5 Nxe5 7. 0-0 Nxf3+ 8. Bxf3 Ne7 9. Bg5 f6 10. Bf4 g5 11. Bh5+ Ng6 12. Be3 Bh3 13. Re1 Qd7 14. Qd3 Bf5 15. Qd2 0-0 16. Bf3 c6 17. Rad1 d5 18. Bc5 Rfe8 19. e4 Ne5 20. Be2 b6 21. Ba3 Bg4 22. Qe3 Bxe2 23. Qxe2 d4 24. f4 gxf4 25. gxf4 Ng6 26. Qc4+ Kh8 27. f5 Ne5 28. Qe2 Bh6 29. Kh1 Be3 30. Qh5 Qg7 31. Ne2 Rg8 32. Ng3 Bf2 33. Re2 Bxg3 34. Rg2 Qg4 35. Qxg4 Nxg4 36. hxg3 Ne3 37. Rxd4 Nxg2 38. Kxg2 c5 39. Rd6 Rgf8 40. b4 cxb4 41. Bxb4 Rad8 42. Rd3 Rxd3 43. cxd3 Rc8 44. Kf3 Kg7 45. Ke3 a5 46. Bd6 Rc6 47. e5 b5 48. d4 b4 49. Be7 fxe5 50. dxe5 Kf7 51. Bd8 a4 52. e6+ Ke8 53. Bf6 Rc2 54. Be5 Rc5 55. Bd6 Rxf5 56. Bxb4 Re5+ 57. Kd4 Rxe6 58. Kc4 Rg6 59. Bd6 Rxd6 0-1

[Event "Pan American-ch U20 Girls"]
[Site "Guayaquil"]
[Date "2018.06.21"]
[Round "4"]
[White "Munoz Naichap, Valerine Nicole"]
[Black "Ayala Rosero, Ariana Marcela"]
[Result "1-0"]
[WhiteElo "1591"]
[BlackElo "1584"]
[PlyCount "69"]
[EventDate "2018.06.19"]
[EventType "swiss"]
[EventRounds "9"]
[EventCountry "ECU"]
[SourceTitle "EXT 2019"]
[Source "ChessBase"]
[SourceDate "2018.10.10"]
[SourceVersion "1"]
[SourceVersionDate "2018.10.10"]
[SourceQuality "1"]

1. d4 Nf6 2. Nf3 g6 3. c4 Bg7 4. Nc3 0-0 5. Bg5 d6 6. Qd2 c5 7. Rd1 Qa5 8. g3 Nc6 9. d5 Nb4 10. a3 Na6 11. Bg2 Nc7 12. 0-0 a6 13. Bh6 b5 14. Bxg7 Kxg7 15. e4 b4 16. axb4 cxb4 17. Ne2 Bb7 18. Qe3 Rab8 19. e5 dxe5 20. Ra1 Nfxd5 21. Qxe5+ f6 22. Rxa5 fxe5 23. cxd5 Bxd5 24. Nxe5 Bxg2 25. Kxg2 Rbd8 26. Nf4 Rd2 27. Nc4 Rd4 28. Rc5 Rf6 29. Rxc7 Kf7 30. Re1 g5 31. Rexe7+ Kg8 32. Rg7+ Kh8 33. Nh5 Rf8 34. Rxh7+ Kg8 35. Rcg7# 1-0

[Event "Pan American-ch U20 Girls"]
[Site "Guayaquil"]
[Date "2018.06.19"]
[Round "1"]
[White "Munoz Naichap, Valerine Nicole"]
[Black "Librelato, Kathie Goulart"]
[Result "0-1"]
[WhiteElo "1591"]
[BlackElo "2072"]
[PlyCount "58"]
[EventDate "2018.06.19"]
[EventType "swiss"]
[EventRounds "9"]
[EventCountry "ECU"]
[SourceTitle "EXT 2019"]
[Source "ChessBase"]
[SourceDate "2018.10.10"]
[SourceVersion "1"]
[SourceVersionDate "2018.10.10"]
[SourceQuality "1"]

1. d4 Nf6 2. Bg5 c5 3. dxc5 Na6 4. g3 Nxc5 5. Bxf6 gxf6 6. Bg2 Qb6 7. b3 Bg7 8. Nc3 Qb4 9. Qd2 f5 10. Nd5 Qxd2+ 11. Kxd2 Bxa1 12. c3 Kd8 13. Nh3 e6 14. Ne3 Bxc3+ 15. Kxc3 Ke7 16. Kd4 d6 17. Rc1 Rb8 18. Nc4 b6 19. b4 Na6 20. a3 Bd7 21. Ng5 h6 22. Nf3 Rhc8 23. Rb1 e5+ 24. Kd3 e4+ 25. Kd4 exf3 26. Bxf3 Nc7 27. Rd1 Ne6+ 28. Kd3 Bb5 29. Bd5 Rc7 0-1

[Event "South America-ch U20 Girls 13th"]
[Site "Manta"]
[Date "2017.04.28"]
[Round "6"]
[White "Munoz Naichap, Valerine Nicole"]
[Black "Zhingri Dutan, Vanessa Estefania"]
[Result "1-0"]
[WhiteElo "1521"]
[BlackElo "1323"]
[PlyCount "79"]
[EventDate "2017.04.25"]
[EventType "swiss"]
[EventRounds "9"]
[EventCountry "ECU"]
[SourceTitle "CBM 178 Extra"]
[Source "ChessBase"]
[SourceDate "2017.06.22"]
[SourceVersion "1"]
[SourceVersionDate "2017.06.22"]
[SourceQuality "1"]

1. d4 Nf6 2. Bg5 c5 3. Bxf6 gxf6 4. dxc5 Qa5+ 5. Nc3 Qxc5 6. e4 f5 7. exf5 Bg7 8. Qd3 Qb4 9. 0-0-0 Bxc3 10. Qxc3 Qxc3 11. bxc3 f6 12. Ne2 Nc6 13. Nd4 a6 14. Bc4 Ne5 15. Bb3 b5 16. Bd5 Ra7 17. f4 Ng4 18. Rde1 Bb7 19. Bxb7 Rxb7 20. h3 Nh6 21. g4 Rg8 22. Rhg1 Nf7 23. Re3 d6 24. Ne6 Nd8 25. g5 fxg5 26. Rxg5 Rxg5 27. fxg5 Nxe6 28. Rxe6 Kf7 29. h4 Rb8 30. h5 Rg8 31. g6+ hxg6 32. hxg6+ Kf8 33. Kd2 Ke8 34. Ke3 Kd7 35. Kf4 a5 36. Kg5 b4 37. cxb4 axb4 38. Re4 d5 39. Rxb4 Kc6 40. a4 1-0